[Event "CZE-chTE U20 0910"]
[Site "Czech Republic"]
[Date "2010.01.23"]
[Round "6.3"]
[White "Mrazek, Lumir"]
[Black "Tomeckova, Aneta"]
[Result "1-0"]
[WhiteElo "2172"]
[BlackElo "1802"]
[PlyCount "75"]
[EventDate "2009.10.03"]
[EventType "team-tourn"]
[EventRounds "7"]
[EventCountry "CZE"]
[SourceTitle "EXT 2011"]
[Source "ChessBase"]
[SourceDate "2010.11.26"]
[SourceVersion "1"]
[SourceVersionDate "2010.11.26"]
[SourceQuality "1"]
[WhiteTeam "Orlova (U20)"]
[BlackTeam "Rychnov nad Kneznou (U20)"]
[WhiteTeamCountry "CZE"]
[BlackTeamCountry "CZE"]

1. e4 c5 2. Nf3 e6 3. d4 cxd4 4. Nxd4 a6 5. Nc3 Qc7 6. Be3 Nf6 7. Bd3 Nc6 8. g4 d6 9. g5 Nd7 10. Qe2 Nde5 11. f4 Nxd3+ 12. cxd3 Bd7 13. 0-0 Be7 14. Rac1 Qd8 15. Nxc6 Bxc6 16. Qh5 g6 17. Qh6 Bf8 18. Qh4 Bg7 19. f5 exf5 20. exf5 gxf5 21. Qh5 Qd7 22. d4 d5 23. a4 Qe6 24. Rf3 Qg6 25. Qh4 0-0 26. Ne2 f6 27. Rg3 fxg5 28. Bxg5 Qe6 29. Bh6 Rf7 30. Nf4 Qe4 31. Rd1 Kh8 32. Bxg7+ Rxg7 33. Rxg7 Kxg7 34. Kf2 Qc2+ 35. Kg3 Rg8 36. Rd3 Kh8+ 37. Kh3 Qc1 38. Qf6+ 1-0

[Event "Stare Mesto op"]
[Site "Stare Mesto"]
[Date "2009.08.14"]
[Round "1"]
[White "Tomeckova, Aneta"]
[Black "Ponizil, Cyril"]
[Result "0-1"]
[WhiteElo "1806"]
[BlackElo "2314"]
[PlyCount "70"]
[EventDate "2009.08.14"]
[EventType "swiss"]
[EventRounds "10"]
[EventCountry "CZE"]
[SourceTitle "CBM 131 Extra"]
[Source "ChessBase"]
[SourceDate "2009.09.03"]
[SourceVersion "2"]
[SourceVersionDate "2009.09.16"]
[SourceQuality "1"]

1. e4 c5 2. Nf3 e6 3. d4 cxd4 4. Nxd4 a6 5. Nc3 Qc7 6. Be2 Nf6 7. 0-0 b5 8. Bf3 b4 9. Nce2 e5 10. Nb3 Bb7 11. Ng3 h6 12. Re1 a5 13. Be3 Na6 14. Qe2 a4 15. Nd2 Nc5 16. c4 g6 17. Rad1 h5 18. h4 Qd8 19. Bg5 Ne6 20. Bxf6 Qxf6 21. Ndf1 Bc5 22. Ne3 Qxh4 23. Qd2 Bc6 24. Nd5 Qxg3 25. Nxb4 Ng5 26. Kf1 Nxf3 27. gxf3 Qxf3 28. Nxc6 Qh1+ 29. Ke2 Qxe4+ 30. Kf1 Qh1+ 31. Ke2 Qxc6 32. Qg5 0-0 33. Kf1 Bd4 34. b3 axb3 35. axb3 Ra2 0-1

[Event "CZE-ch U16 Girls"]
[Site "Kouty nad Desnou"]
[Date "2009.03.13"]
[Round "8"]
[White "Miturova, Magdalena"]
[Black "Tomeckova, Aneta"]
[Result "1/2-1/2"]
[WhiteElo "2022"]
[BlackElo "1648"]
[PlyCount "82"]
[EventDate "2009.03.07"]
[EventType "swiss"]
[EventRounds "9"]
[EventCountry "CZE"]
[SourceTitle "EXT 2011"]
[Source "ChessBase"]
[SourceDate "2010.11.26"]
[SourceVersion "1"]
[SourceVersionDate "2010.11.26"]
[SourceQuality "1"]

1. e4 c5 2. Nf3 e6 3. d4 cxd4 4. Nxd4 a6 5. Nc3 b5 6. Bd3 Bb7 7. Qe2 Qc7 8. Bd2 Nc6 9. Nxc6 Qxc6 10. a4 b4 11. Nd5 a5 12. Bf4 Rc8 13. Rc1 Qc5 14. Be3 Qd6 15. Nb6 Rc6 16. Bb5 Qc7 17. Bxc6 Bxc6 18. f3 Bd6 19. g3 Nf6 20. Nc4 Bxa4 21. Nxd6+ Qxd6 22. 0-0 0-0 23. Qc4 Qb8 24. Rf2 Bb5 25. Qd4 Rc8 26. Bf4 Qb7 27. c4 bxc3 28. Rxc3 Rxc3 29. Qxc3 a4 30. Rc2 h6 31. Bxh6 Ba6 32. Bg5 Qb5 33. Rc1 Qxg5 34. Ra1 Bb5 35. b3 axb3 36. Qxb3 Bc6 37. Qc3 Qb5 38. Re1 Qb6+ 39. Kg2 Qa6 40. g4 Qb5 41. h4 Qa4 1/2-1/2

[Event "CZE-ch U16 Girls"]
[Site "Kouty nad Desnou"]
[Date "2009.03.09"]
[Round "3"]
[White "Palkova, Nikola"]
[Black "Tomeckova, Aneta"]
[Result "0-1"]
[WhiteElo "1782"]
[BlackElo "1648"]
[PlyCount "92"]
[EventDate "2009.03.07"]
[EventType "swiss"]
[EventRounds "9"]
[EventCountry "CZE"]
[SourceTitle "EXT 2011"]
[Source "ChessBase"]
[SourceDate "2010.11.26"]
[SourceVersion "1"]
[SourceVersionDate "2010.11.26"]
[SourceQuality "1"]

1. d4 d5 2. Nf3 Nf6 3. Bf4 c6 4. e3 Bf5 5. Nbd2 e6 6. c4 Bd6 7. Bxd6 Qxd6 8. Be2 0-0 9. 0-0 Nbd7 10. Nh4 Bg6 11. Nxg6 fxg6 12. c5 Qe7 13. b4 b6 14. a3 b5 15. Nb3 e5 16. Na5 Qe6 17. Bf3 e4 18. Be2 h5 19. a4 a6 20. Ra3 Nh7 21. Qd2 Rf6 22. axb5 axb5 23. Qa2 Raf8 24. Bd1 Ng5 25. Qe2 Nb8 26. Nb7 Nf7 27. Qe1 Qd7 28. Na5 Na6 29. Nb3 Qc8 30. Na5 Nc7 31. Ra2 Ne6 32. f3 exf3 33. Rxf3 Nfg5 34. Rxf6 Rxf6 35. Rf2 Qe8 36. Bc2 Nxd4 37. Bb1 Nf5 38. Re2 Re6 39. Bxf5 gxf5 40. Nb3 Qg6 41. Kh1 Re4 42. Nd4 Nf7 43. Nf3 Ne5 44. Nxe5 Rxe5 45. Rf2 Qg5 46. Rf4 Qxf4 0-1

[Event "CZE-ch U16 Girls"]
[Site "Kouty nad Desnou"]
[Date "2009.03.07"]
[Round "1"]
[White "Tobiskova, Petra"]
[Black "Tomeckova, Aneta"]
[Result "0-1"]
[WhiteElo "1250"]
[BlackElo "1648"]
[PlyCount "60"]
[EventDate "2009.03.07"]
[EventType "swiss"]
[EventRounds "9"]
[EventCountry "CZE"]
[SourceTitle "EXT 2011"]
[Source "ChessBase"]
[SourceDate "2010.11.26"]
[SourceVersion "1"]
[SourceVersionDate "2010.11.26"]
[SourceQuality "1"]

1. e4 c5 2. Nf3 e6 3. Nc3 a6 4. d3 Nc6 5. a3 Qc7 6. Be2 g6 7. 0-0 Bg7 8. Bd2 Nf6 9. Re1 0-0 10. Bg5 b5 11. d4 cxd4 12. Nxd4 Nxd4 13. Qxd4 Ng4 14. e5 Nxe5 15. Bf4 d6 16. Bxe5 Bxe5 17. Qe3 d5 18. Qh3 Bg7 19. Bf3 Bxc3 20. bxc3 Qxc3 21. Bg4 Qxh3 22. Bxh3 Bb7 23. Rad1 Rac8 24. Re2 Rc3 25. Ra1 Rfc8 26. Ra2 d4 27. f3 Bd5 28. Ra1 Rxc2 29. Rxc2 Rxc2 30. f4 d3 0-1

[Event "CZE-ch U16 Girls"]
[Site "Sec u Chrudimi"]
[Date "2008.03.14"]
[Round "8"]
[White "Tomeckova, Aneta"]
[Black "Strouhalova, Lenka"]
[Result "0-1"]
[WhiteElo "1633"]
[BlackElo "1398"]
[PlyCount "78"]
[EventDate "2008.03.08"]
[EventType "swiss"]
[EventRounds "9"]
[EventCountry "CZE"]
[SourceTitle "EXT 2009"]
[Source "ChessBase"]
[SourceDate "2008.11.26"]
[SourceVersion "1"]
[SourceVersionDate "2008.11.26"]
[SourceQuality "1"]

1. e4 c6 2. d4 d5 3. exd5 cxd5 4. c4 Nf6 5. Nc3 Nc6 6. Nf3 Bg4 7. Be2 dxc4 8. Bxc4 Bxf3 9. Qxf3 Qxd4 10. Bb5 Qb6 11. Be3 Qc7 12. 0-0 e6 13. Rfd1 Bd6 14. Bg5 Be5 15. h3 0-0 16. Rac1 Rfd8 17. Rxd8+ Rxd8 18. Ne4 Nd4 19. Qe3 Nxb5 20. Nxf6+ gxf6 21. Bxf6 Bf4 22. Bxd8 Qxc1+ 23. Qxc1 Bxc1 24. Bf6 Nd6 25. b3 Ba3 26. Kf1 Bc5 27. Ke2 Ne4 28. Bh4 Nc3+ 29. Kd3 Nxa2 30. Kc4 Bb6 31. f3 Nc1 32. Bf6 Bc7 33. Bg5 Ne2 34. Bh4 Nf4 35. Bg3 Nd5 36. Bxc7 Nxc7 37. Kc5 Kf8 38. Kd6 Nd5 39. Kd7 a5 0-1

[Event "CZE-ch U16 Girls"]
[Site "Sec u Chrudimi"]
[Date "2008.03.08"]
[Round "1"]
[White "Tomeckova, Aneta"]
[Black "Urgacsova, Sara"]
[Result "1-0"]
[WhiteElo "1633"]
[BlackElo "1250"]
[PlyCount "69"]
[EventDate "2008.03.08"]
[EventType "swiss"]
[EventRounds "9"]
[EventCountry "CZE"]
[SourceTitle "EXT 2009"]
[Source "ChessBase"]
[SourceDate "2008.11.26"]
[SourceVersion "1"]
[SourceVersionDate "2008.11.26"]
[SourceQuality "1"]

1. e4 e5 2. Nf3 Nc6 3. d4 f6 4. Nc3 Bb4 5. Bc4 Na5 6. Bb3 Nxb3 7. cxb3 d6 8. h3 Be6 9. 0-0 Ne7 10. Qd3 c6 11. d5 Bf7 12. dxc6 bxc6 13. Bd2 0-0 14. Ne2 a5 15. Ng3 d5 16. Bxb4 axb4 17. Nh4 Bg6 18. Nxg6 Nxg6 19. exd5 Nf4 20. Qf3 Nxd5 21. Rfd1 Ra5 22. a3 Qb6 23. Nf5 Rd8 24. Qg4 g6 25. Ng3 f5 26. Nxf5 Nf4 27. Rxd8+ Qxd8 28. Ne3 Qd3 29. Qc8+ Kf7 30. Qc7+ Kf8 31. Qxa5 Qxb3 32. axb4 Qxb2 33. Qd8+ Kf7 34. Ra7+ Ke6 35. Qe7# 1-0

[Event "Olexa Memorial op"]
[Site "Brno"]
[Date "2007.12.26"]
[Round "2"]
[White "Tomeckova, Aneta"]
[Black "Nemec, Miloslav"]
[Result "0-1"]
[WhiteElo "1642"]
[BlackElo "2023"]
[PlyCount "78"]
[EventDate "2007.12.25"]
[EventType "swiss"]
[EventRounds "7"]
[EventCountry "CZE"]
[SourceTitle "EXT 2010"]
[Source "ChessBase"]
[SourceDate "2010.11.25"]
[SourceVersion "1"]
[SourceVersionDate "2010.11.25"]
[SourceQuality "1"]

1. e4 c5 2. c3 Nf6 3. e5 Nd5 4. d4 cxd4 5. Qxd4 e6 6. Nf3 Nc6 7. Qe4 d6 8. Bb5 Bd7 9. 0-0 Qc7 10. Re1 dxe5 11. Nxe5 Nxe5 12. c4 Bxb5 13. cxd5 Ng6 14. Nc3 Bd7 15. dxe6 fxe6 16. Nd5 Qd6 17. Bf4 Nxf4 18. Nxf4 0-0-0 19. Red1 Bc6 20. Qxe6+ Qxe6 21. Rxd8+ Kxd8 22. Nxe6+ Kd7 23. Nf4 Bd6 24. Rd1 Rf8 25. Nd3 Kc7 26. b3 Bb5 27. Nb2 Be5 28. Rc1+ Kb6 29. Nd1 Bd4 30. a4 Be2 31. Nc3 Bxc3 32. Rxc3 Rd8 33. h3 Rd3 34. Rc2 Bd1 35. Rc1 Bxb3 36. Kh2 Bxa4 37. Re1 Bc6 38. Re7 Rd7 39. Re3 a5 0-1

[Event "CZE-ch U14 Girls"]
[Site "Sec u Chrudimi"]
[Date "2007.03.11"]
[Round "2"]
[White "Tomeckova, Aneta"]
[Black "Glaserova, Lucie"]
[Result "1-0"]
[WhiteElo "1320"]
[BlackElo "1250"]
[PlyCount "61"]
[EventDate "2007.03.10"]
[EventType "swiss"]
[EventRounds "9"]
[EventCountry "CZE"]
[SourceTitle "EXT 2008"]
[Source "ChessBase"]
[SourceDate "2007.11.25"]
[SourceVersion "1"]
[SourceVersionDate "2007.11.25"]
[SourceQuality "1"]

1. e4 c6 2. d4 d5 3. exd5 cxd5 4. Bb5+ Nc6 5. Nf3 a6 6. Bxc6+ bxc6 7. 0-0 Bg4 8. Bf4 Nf6 9. Qd3 Bxf3 10. Qxf3 e6 11. Nc3 Be7 12. Be5 0-0 13. Ne2 Nd7 14. Bf4 c5 15. dxc5 Bxc5 16. Qg3 Qf6 17. c3 Qg6 18. Qh4 Rfe8 19. Ng3 Be7 20. Qh3 Nc5 21. Be3 Rac8 22. Nh5 Ne4 23. Nf4 Qf5 24. Qxf5 exf5 25. Nxd5 Bd6 26. Rad1 Be5 27. Bd4 Bb8 28. Ne3 Nd6 29. Rfe1 f4 30. Nd5 g5 31. Ne7+ 1-0

[Event "CZE-ch U14 Girls"]
[Site "Zlate Hory"]
[Date "2006.03.18"]
[Round "9"]
[White "Grussova, Helena"]
[Black "Tomeckova, Aneta"]
[Result "1-0"]
[WhiteElo "1500"]
[BlackElo "1250"]
[PlyCount "107"]
[EventDate "2006.03.11"]
[EventType "swiss"]
[EventRounds "9"]
[EventCountry "CZE"]
[SourceTitle "EXT 2008"]
[Source "ChessBase"]
[SourceDate "2007.11.25"]
[SourceVersion "1"]
[SourceVersionDate "2007.11.25"]
[SourceQuality "1"]

1. e4 e5 2. Nf3 Nc6 3. Bc4 Bc5 4. Nc3 d6 5. d3 Bg4 6. Be3 Bxe3 7. fxe3 a6 8. 0-0 Qe7 9. a3 0-0-0 10. Nd5 Qd7 11. b4 Nf6 12. b5 Ne7 13. Nxe7+ Qxe7 14. bxa6 bxa6 15. Bxa6+ Kd7 16. Bb5+ c6 17. Ba4 Rc8 18. Qd2 Bxf3 19. Rxf3 Ke8 20. Bb3 h5 21. a4 Kf8 22. a5 g6 23. Raf1 Kg7 24. Rxf6 Qxf6 25. Rxf6 Kxf6 26. Qf2+ Kg7 27. Qxf7+ Kh6 28. Qf6 Rhf8 29. Qxd6 c5 30. Qxe5 Rc6 31. h3 Rcf6 32. Qxc5 Rf1+ 33. Kh2 R8f2 34. a6 Re1 35. Qe5 Ree2 36. Qg3 Rf1 37. a7 Ree1 38. Qxe1 Rxe1 39. a8Q Rxe3 40. Qf8+ Kh7 41. Bg8+ Kh8 42. Qh6+ Kxg8 43. Qxe3 h4 44. Qg5 Kh7 45. Qxh4+ Kg7 46. Qg5 Kf7 47. e5 Kg7 48. d4 Kg8 49. Qxg6+ Kh8 50. Qa6 Kg8 51. Qa7 Kf8 52. e6 Kg8 53. d5 Kf8 54. Qf7# 1-0